[Event "Krakow Malopolski Cup"]
[Site "Krakow"]
[Date "2022.08.08"]
[Round "7"]
[White "Olkuski, Tadeusz"]
[Black "Morczynski, Ryszard"]
[Result "1-0"]
[WhiteElo "1271"]
[BlackElo "1134"]
[PlyCount "85"]
[EventDate "2022.08.04"]
[EventType "swiss"]
[EventRounds "9"]
[EventCountry "POL"]
[SourceTitle "CBM 209 Extra"]
[Source "ChessBase"]
[SourceDate "2022.09.30"]
[SourceVersion "1"]
[SourceVersionDate "2022.09.30"]
[SourceQuality "1"]

1. e4 g6 2. d4 Bg7 3. Nf3 d6 4. Be2 Nf6 5. Nc3 c6 6. a4 0-0 7. h3 Qc7 8. Be3 Nbd7 9. Qd2 Ne8 10. Bh6 f6 11. Bxg7 Nxg7 12. Qh6 e5 13. d5 c5 14. Nd2 a6 15. 0-0 Rf7 16. Nd1 Nf8 17. Qe3 f5 18. f4 fxe4 19. fxe5 Nf5 20. Qxe4 Ng3 21. Rxf7 Nxe2+ 22. Qxe2 Qxf7 23. e6 Nxe6 24. dxe6 Bxe6 25. Nc3 Re8 26. Qf3 Qg7 27. Rf1 Bf5 28. Qd5+ Be6 29. Qxd6 b6 30. Re1 Qd4+ 31. Qxd4 cxd4 32. Nd5 Bd7 33. Rxe8+ Bxe8 34. Nf6+ Kf7 35. Nxe8 Kxe8 36. Nf3 Kd7 37. Nxd4 Kd6 38. Kf2 Kd5 39. Ke3 h6 40. Kd3 g5 41. Nf5 b5 42. axb5 axb5 43. Nxh6 1-0

[Event "Krakow op-C"]
[Site "Krakow"]
[Date "2022.06.26"]
[Round "2"]
[White "Olkuski, Tadeusz"]
[Black "Chmielewski, Miroslaw"]
[Result "0-1"]
[WhiteElo "1316"]
[BlackElo "1571"]
[PlyCount "52"]
[EventDate "2022.06.25"]
[EventType "swiss"]
[EventRounds "9"]
[EventCountry "POL"]
[SourceTitle "EXT 2023"]
[Source "ChessBase"]
[SourceDate "2022.10.05"]
[SourceVersion "1"]
[SourceVersionDate "2022.10.05"]
[SourceQuality "1"]

1. e4 b6 2. d4 Bb7 3. Nc3 e6 4. Bd3 g6 5. Be3 Bg7 6. f3 Nc6 7. Bc4 Nge7 8. a3 a6 9. Nge2 b5 10. Ba2 Nc8 11. Qd2 Nb6 12. 0-0 h6 13. Rad1 d5 14. e5 Ne7 15. g4 Kd7 16. Nc1 Qg8 17. Rf2 Rf8 18. Rdf1 Kc8 19. Nd3 h5 20. Bg5 f6 21. exf6 Bxf6 22. Bxf6 Rxf6 23. g5 Rf5 24. h4 Nc4 25. Bxc4 dxc4 26. Nc5 Qf7 0-1

[Event "Gora Sw Anny op 3rd"]
[Site "Gora Sw Anny"]
[Date "2010.02.12"]
[Round "7"]
[White "Olkuski, Tadeusz"]
[Black "Kaminski, Ludwik"]
[Result "1/2-1/2"]
[WhiteElo "1579"]
[BlackElo "1826"]
[PlyCount "87"]
[EventDate "2010.02.08"]
[EventType "swiss"]
[EventRounds "9"]
[EventCountry "POL"]
[SourceTitle "CBM 135 Extra"]
[Source "ChessBase"]
[SourceDate "2010.05.04"]
[SourceVersion "1"]
[SourceVersionDate "2010.05.04"]
[SourceQuality "1"]

1. e4 d6 2. d4 Nf6 3. Nc3 g6 4. Nf3 Bg7 5. h3 c6 6. a4 0-0 7. Be2 Nbd7 8. a5 b5 9. axb6 Qxb6 10. 0-0 a5 11. Re1 Ba6 12. Bxa6 Rxa6 13. Na4 Qb7 14. Rb1 Rb8 15. b3 Qa8 16. Bb2 Nb6 17. Ba1 Nfd7 18. e5 Nxa4 19. bxa4 Nb6 20. c3 Nc4 21. exd6 exd6 22. Qe2 d5 23. Nd2 Nb6 24. Qd1 Ra7 25. Bb2 Bf8 26. Qc2 Rab7 27. Ra1 Bh6 28. Nf3 Nc4 29. Bc1 Bxc1 30. Rexc1 Re8 31. Re1 Rbe7 32. Rxe7 Rxe7 33. Re1 Qe8 34. Rxe7 Qxe7 35. Kf1 f6 36. Ne1 Qe4 37. Nd3 Nb2 38. Qxb2 Qxd3+ 39. Kg1 Qd1+ 40. Kh2 Qxa4 41. Qb8+ Kg7 42. Qc7+ Kh6 43. Qf4+ Kg7 44. Qc7+ 1/2-1/2